<?xml version="1.0" encoding="UTF-8"?>
<collection xmlns="http://www.loc.gov/MARC21/slim">
 <record>
  <leader>     na                 </leader>
  <controlfield tag="001">INLIS000000000014535</controlfield>
  <controlfield tag="005">20241121021133</controlfield>
  <datafield tag="035" ind1=" " ind2=" ">
   <subfield code="a">0010-1124000040</subfield>
  </datafield>
  <datafield tag="245" ind1="1" ind2=" ">
   <subfield code="a">Komunikasi internasional :</subfield>
   <subfield code="b">Perspektif jurnalistik /</subfield>
   <subfield code="c">Mohammad Shoelhi</subfield>
  </datafield>
  <datafield tag="100" ind1="0" ind2=" ">
   <subfield code="a">Mohammad Shoelhi</subfield>
  </datafield>
  <datafield tag="300" ind1=" " ind2=" ">
   <subfield code="a">xiv, 246 hlm.; 24 cm.</subfield>
  </datafield>
  <datafield tag="700" ind1="0" ind2=" ">
   <subfield code="a">Rema Karyanti Soenendar (editor)</subfield>
  </datafield>
  <datafield tag="260" ind1=" " ind2=" ">
   <subfield code="a">Bandung :</subfield>
   <subfield code="b">Simbiosa Rekatama Media,</subfield>
   <subfield code="c">2009</subfield>
  </datafield>
  <datafield tag="082" ind1=" " ind2=" ">
   <subfield code="a">303.482</subfield>
  </datafield>
  <datafield tag="084" ind1=" " ind2=" ">
   <subfield code="a">303.482 MOH k</subfield>
  </datafield>
  <datafield tag="020" ind1=" " ind2=" ">
   <subfield code="a">978-979-378-248-5</subfield>
  </datafield>
  <datafield tag="650" ind1=" " ind2=" ">
   <subfield code="a">Komunikasi internasional</subfield>
  </datafield>
  <datafield tag="520" ind1=" " ind2=" ">
   <subfield code="a">Masalah yang melingkupi hubungan antarbangsa begitu luas, rumit dan kompleks. Adanya konflik kepentingan antara satu negara dengan negara lain telah membuat peran komunikasi internasional semakin penting untuk mempertemukan, atau menjembatani konflik kepentingan tersebut hingga mengukuhkan suatu ikatan kerja sama internasional yang saling menguntungkan. Bisa di bayangkan, tanpa komunikasi internasional, suatu negara akan mengalami kesulitan dalam memenuhi kebutuhannya dengan negara lain, dan bukan mustahil bisa terkucil dari pergaulan internasional.&#13;
&#13;
   Pentingnya komunikasi internasional bagi para diplomat dan konsuler, atau masyarakat pada umumnya sudah diakui secara luas. Dengan mempelajari komunikasi internasional, seorang dapat memahami bagaimana menciptakan dan memelihara hubungan internasional yang dinamis. Bagi seoranf diplomat, pengtahuan itu bisa digunakan sebagai bahan mentah untuk menentukan strategi perundingan. Bagi seorang Politisi internasional, hal itu bisa di manfaatkan untuk memberikan prediksi-prediksi tentang kecendrungan arah politik international pada masa mendatang.</subfield>
  </datafield>
  <controlfield tag="008">241121                e          0 ind  </controlfield>
  <datafield tag="990" ind1=" " ind2=" ">
   <subfield code="a">024.3161/PC/24</subfield>
  </datafield>
  <datafield tag="990" ind1=" " ind2=" ">
   <subfield code="a">024.3162/PC/24</subfield>
  </datafield>
  <datafield tag="990" ind1=" " ind2=" ">
   <subfield code="a">024.3163/PC/24</subfield>
  </datafield>
 </record>
</collection>
